00343cam a22001097a 4500008004000000082001500040100002900055245005500084260004600139300001000185650003800195180718b1951 xxu||||| |||| 00| 0 eng d aA99 K527my aKhan, Mohd. Abdur Rahman aMy life and experiencecby Mohd. Abdur Rahman Khan aHyderabadbKrishnavas Int. Printersc1951 a378p. aKhan, Mohammad Abdur Rahman, 1881